<?xml version='1.0' encoding='UTF-8'?>
  <record xmlns="http://www.loc.gov/MARC21/slim">
    <leader>00000cam a22000007i 4500</leader>
    <controlfield tag="001">ocm71460578</controlfield>
    <controlfield tag="003">OCoLC</controlfield>
    <controlfield tag="005">20250628094232.3</controlfield>
    <controlfield tag="008">900412s1493    gw            000 0 lat d</controlfield>
    <datafield tag="040" ind1=" " ind2=" ">
      <subfield code="a">NLGGC</subfield>
      <subfield code="b">dut</subfield>
      <subfield code="e">fobidrtb</subfield>
      <subfield code="c">NLGGC</subfield>
      <subfield code="d">GRG</subfield>
      <subfield code="d">OCLCQ</subfield>
      <subfield code="d">GRG</subfield>
      <subfield code="d">OCLCL</subfield>
      <subfield code="d">OCLCQ</subfield>
      <subfield code="d">OCLCL</subfield>
    </datafield>
    <datafield tag="029" ind1="0" ind2=" ">
      <subfield code="a">NLGGC</subfield>
      <subfield code="b">08234082X</subfield>
    </datafield>
    <datafield tag="035" ind1=" " ind2=" ">
      <subfield code="a">(OCoLC)71460578</subfield>
    </datafield>
    <datafield tag="082" ind1="0" ind2="4">
      <subfield code="a">909</subfield>
      <subfield code="q">OCoLC</subfield>
      <subfield code="2">22/ger/20230216</subfield>
      <subfield code="1">https://id.oclc.org/worldcat/ddc/E3fCtK8MHpc6cqQj3BJwjF9MJT</subfield>
    </datafield>
    <datafield tag="100" ind1="1" ind2=" ">
      <subfield code="a">Schedel, Hartmann,</subfield>
      <subfield code="d">1440-1514.</subfield>
      <subfield code="1">https://id.oclc.org/worldcat/entity/E39PBJfmkCwYBQFVTmrPpjdG73</subfield>
    </datafield>
    <datafield tag="245" ind1="1" ind2="0">
      <subfield code="a">Liber chronicarum.</subfield>
    </datafield>
    <datafield tag="260" ind1=" " ind2=" ">
      <subfield code="a">Neurenberg :</subfield>
      <subfield code="b">Anton Koberger, voor Sebald Schreyer en Sebastian Kammermeister,</subfield>
      <subfield code="c">12 juli 1493</subfield>
      <subfield code="e">(... hunc librum dominus Anthonius koberger Nuremberge impressit ... duodecima mensis Julij. Anno ... 1493)</subfield>
    </datafield>
    <datafield tag="300" ind1=" " ind2=" ">
      <subfield code="a">[XX], CCXCIX, [1] bl., ([2] bl. blanco), [5] bl. :</subfield>
      <subfield code="b">houtsneden. ;</subfield>
      <subfield code="c">in-2.</subfield>
    </datafield>
    <datafield tag="336" ind1=" " ind2=" ">
      <subfield code="a">tekst</subfield>
      <subfield code="b">txt</subfield>
      <subfield code="2">rdacontent/dut</subfield>
    </datafield>
    <datafield tag="337" ind1=" " ind2=" ">
      <subfield code="a">zonder medium</subfield>
      <subfield code="b">n</subfield>
      <subfield code="2">rdamedia/dut</subfield>
    </datafield>
    <datafield tag="338" ind1=" " ind2=" ">
      <subfield code="a">band</subfield>
      <subfield code="b">nc</subfield>
      <subfield code="2">rdacarrier/dut</subfield>
    </datafield>
    <datafield tag="500" ind1=" " ind2=" ">
      <subfield code="a">Colofon vermeldt: Ad intuitum autem &amp; preces providorum civium Sebaldi Schreyer &amp; Sebastiani Kamermaister hunc librum ... impressit ...</subfield>
    </datafield>
    <datafield tag="500" ind1=" " ind2=" ">
      <subfield code="a">Varianten staan in W.B. Todd, The Book Collector, 1964, pp. 497-498. Zie: A. Wilson, The making of the Nuremberg Chronicle, 1976.</subfield>
    </datafield>
    <datafield tag="500" ind1=" " ind2=" ">
      <subfield code="a">Met houtsneden van Wohlgemut, Pleydenwurff en Albrecht Dürer. 2 kaarten in houtsnede.</subfield>
    </datafield>
    <datafield tag="500" ind1=" " ind2=" ">
      <subfield code="a">Full-text Microfiche: Incunabula: The Printing Revolution in Europe 1455-1500, Unit 3 -Image of the World: Geography and Cosmology, GC 118.</subfield>
    </datafield>
    <datafield tag="500" ind1=" " ind2=" ">
      <subfield code="a">Full-text Microfiche: Incunabula: The Printing Revolution in Europe 1455-1500, Unit 5 -Chronicles and Historiography Part II, CH 80 (Research Publications (Primary Source Media) Reading, 1993, 1994).</subfield>
    </datafield>
    <datafield tag="510" ind1="0" ind2=" ">
      <subfield code="a">HC 14508*; Klebs 889.1; Schr 5203; Schramm XVII,</subfield>
      <subfield code="c">p. 9; Polain(B) 3469; IDL 4060; IGI 8828; IBP 4941; Pell Ms 10351 = 10352; CIBN S-161; Hillard 1814; Girard 395; Sajó-Soltész 3039; IBE 5179; Coll(U) 1335; Coll(S) 964; Campbell(Maps) 219-220; Madsen 3632, 3633, 3634, T66, T67, T68, T69; Oates 1026, 1027, 1028, 1029; Sheppard 1520-1521; Rhodes(Oxford Colleges) 1595; Pr 2084; BMC II 437; Holtrop BRH II 575, RL; GW 40784</subfield>
    </datafield>
    <datafield tag="510" ind1="0" ind2=" ">
      <subfield code="a">GW 40784</subfield>
    </datafield>
    <datafield tag="700" ind1="1" ind2=" ">
      <subfield code="a">Wolgemut, Michael,</subfield>
      <subfield code="d">1434-1519.</subfield>
      <subfield code="1">https://id.oclc.org/worldcat/entity/E39PBJdWWpxTqJMBdgrhpMyPQq</subfield>
    </datafield>
    <datafield tag="700" ind1="1" ind2=" ">
      <subfield code="a">Pleydenwurff, Wilhelm,</subfield>
      <subfield code="d">-1494.</subfield>
      <subfield code="1">https://id.oclc.org/worldcat/entity/E39PBJx8DvXJFdR3DMgbQYxhpP</subfield>
    </datafield>
    <datafield tag="710" ind1="0" ind2=" ">
      <subfield code="a">Koberger, Anton (Neurenberg)</subfield>
      <subfield code="4">prt</subfield>
      <subfield code="0">(NL-LeOCL)108683710</subfield>
    </datafield>
    <datafield tag="856" ind1="4" ind2="2">
      <subfield code="y">Incunabula Short Title Catalogue</subfield>
      <subfield code="q">html</subfield>
      <subfield code="u">http://data.cerl.org/istc/is00307000</subfield>
      <subfield code="z">zie de beschrijving bij de ISTC voor volledige bibliografische verwijzingen en vindplaatsen wereldwijd</subfield>
    </datafield>
    <datafield tag="936" ind1=" " ind2=" ">
      <subfield code="a">BATCHLOAD</subfield>
    </datafield>
  </record>